<?xml version="1.0" encoding="UTF-8"?>
<marc:record xmlns:marc="http://www.loc.gov/MARC21/slim">
   <marc:leader>00000nam a2200000 a 4500</marc:leader>
   <marc:datafield ind1="1" ind2=" " tag="100">
      <marc:subfield code="a">Geisler, Dagmar</marc:subfield>
      <marc:subfield code="4">aut</marc:subfield>
      <marc:subfield code="e">Verfasser/-in</marc:subfield>
   </marc:datafield>
   <marc:datafield ind1="1" ind2=" " tag="100">
      <marc:subfield code="a">Renger, Nikolai</marc:subfield>
   </marc:datafield>
   <marc:datafield ind1=" " ind2=" " tag="653">
      <marc:subfield code="a">Internet</marc:subfield>
   </marc:datafield>
   <marc:datafield ind1="0" ind2="0" tag="245">
      <marc:subfield code="a">Sicher im Netz!</marc:subfield>
   </marc:datafield>
   <marc:datafield ind1="0" ind2="0" tag="245">
      <marc:subfield code="b">wie schütze ich mich vor Missbrauch und Betrug?</marc:subfield>
   </marc:datafield>
   <marc:datafield ind1="0" ind2="0" tag="245">
      <marc:subfield code="c">Dagmar Geisler ; Illustrationen von Nikolai Renger</marc:subfield>
   </marc:datafield>
   <marc:datafield ind1=" " ind2="1" tag="264">
      <marc:subfield code="a">Bindlach</marc:subfield>
      <marc:subfield code="b">Loewe</marc:subfield>
      <marc:subfield code="c">2024</marc:subfield>
   </marc:datafield>
   <marc:datafield ind1="1" ind2=" " tag="490">
      <marc:subfield code="a">Emotionale Entwicklung für Grundschulkinder</marc:subfield>
   </marc:datafield>
   <marc:datafield ind1="1" ind2=" " tag="520">
      <marc:subfield code="a">Quelle: bn.bibliotheksnachrichten (http://www.biblio.at/literatur/bn/index.html); &lt;br/&gt;Autor: Anna Goiginger; &lt;br/&gt;Sensibilisierung für Internetsicherheit im Grundschulalter. (ab 6) (JT)&lt;br/&gt;Heutzutage sind Kinder bereits sehr früh im Internet unterwegs, was einerseits Vorteile mit sich bringt, andererseits jedoch große Gefahren birgt. Diese gilt es zu erkennen, um sich davor schützen zu können. Nicht nur unpassende Inhalte oder Chats mit Unbekannten, sondern auch das eigene Verhalten muss unbedingt reflektiert werden. Das Internet ist undurchsichtig und verleitet durch die Anonymität zu einem Verhalten, das wir in der analogen Welt nicht zeigen würden. Getreu der Reihe »Emotionale Entwicklung für Kinder ab 5« des Loewe-Verlages begleiten wir die Freunde Mirja, Leon, Ali, Till und Aylin, denen die häufigsten Missgeschicke bei der Internetnutzung unterlaufen. Eingebettet in lebensnahe Geschichten rund um die Freund*innen geben Expert*innen Tipps, wie sich Kinder sicher durchs Netz bewegen und wie sie sich vor Missbrauch und problematischen Inhalten schützen können. Gut geeignet für Kinder ab dem Grundschulalter!</marc:subfield>
   </marc:datafield>
   <marc:datafield ind1=" " ind2=" " tag="020">
      <marc:subfield code="a">9783743213746</marc:subfield>
      <marc:subfield code="9">9783743213746</marc:subfield>
   </marc:datafield>
   <marc:datafield ind1=" " ind2=" " tag="041">
      <marc:subfield code="a">ger</marc:subfield>
   </marc:datafield>
   <marc:datafield ind1=" " ind2=" " tag="300">
      <marc:subfield code="b">Illustrationen</marc:subfield>
   </marc:datafield>
   <marc:datafield ind1="1" ind2=" " tag="521">
      <marc:subfield code="a">0</marc:subfield>
   </marc:datafield>
   <marc:datafield ind1=" " ind2=" " tag="300">
      <marc:subfield code="a">44 Seiten</marc:subfield>
   </marc:datafield>
</marc:record>
